<?xml version="1.0" encoding="UTF-8"?>
<record
    xmlns:xsi="http://www.w3.org/2001/XMLSchema-instance"
    xsi:schemaLocation="http://www.loc.gov/MARC21/slim http://www.loc.gov/standards/marcxml/schema/MARC21slim.xsd"
    xmlns="http://www.loc.gov/MARC21/slim">

  <leader>01273nam a22001817a 4500</leader>
  <controlfield tag="003">IT-RoPau</controlfield>
  <controlfield tag="005">20220918175937.0</controlfield>
  <controlfield tag="008">130112b        xxu||||| |||| 00| 0 eng d</controlfield>
  <datafield tag="040" ind1=" " ind2=" ">
    <subfield code="c">IT-RoPau</subfield>
  </datafield>
  <datafield tag="100" ind1=" " ind2=" ">
    <subfield code="a">Alberione Santiago [Giacomo]</subfield>
    <subfield code="q">Fondatore Famiglia Paolina</subfield>
    <subfield code="9">158</subfield>
  </datafield>
  <datafield tag="245" ind1=" " ind2=" ">
    <subfield code="a">Abundantes divitiae...  Yo estoy con ustedes.</subfield>
    <subfield code="b">Historia carism&#xE1;tica de la Familia Paulina</subfield>
  </datafield>
  <datafield tag="250" ind1=" " ind2=" ">
    <subfield code="a">II</subfield>
  </datafield>
  <datafield tag="260" ind1=" " ind2=" ">
    <subfield code="a">Avenida Taxquena</subfield>
    <subfield code="b">SSP</subfield>
    <subfield code="c">1997</subfield>
  </datafield>
  <datafield tag="300" ind1=" " ind2=" ">
    <subfield code="a">103 p.</subfield>
    <subfield code="c">19,5 cm</subfield>
  </datafield>
  <datafield tag="490" ind1=" " ind2=" ">
    <subfield code="a">San Pablo</subfield>
    <subfield code="v">I</subfield>
  </datafield>
  <datafield tag="520" ind1=" " ind2=" ">
    <subfield code="a">INDICE

Presentacion

"ABUNDANTES DIVITIAE GRATIAE SUAE"
MOMENTOS DE MAYOR GRACIA
LA MISION PARTICULAR
DE UNA SIMPLE ORGANIZACION A LA VIDA RE-
    LIGIOSA COMUNITARIA
LA FAMILIA PAULINA
JUVENTUD
PREDILECCION DIVINA
LA CONDUCTA DE DIOS
LA ROMANIDAD
ESPIRITU SOCIAL
EL ESPIRITU LITURGICO
TRES IGLESIAS PRINCIPALES
CATECISMO
ESPIRITU PASTORAL
SAL...LUZ...CIUDAD...
ESPIRITU PAOLINO
PRIMEIROS PREPARATIVOS
EN ROMA
EXPANSION
EL DON Y LA RIQUEZA DE LOS COOPERADORES
EL TRABAJO
PROVIDENCIA
EVANGELIO
DESARROLLO DE LA PERSONALIDAD
"NO TEMAN..."
ASISTENCIA DIVINA
PROFUNDIDAD ESPIRITUAL
LAS DEVOCIONES
COSAS POR REALIZAR
ACCION DE GRACIAS
CONCLUSION
UN TEXTO DE 1924
Principales acontecimientos en la vida del P. Alberione
Foto-reportaje hist&#xF3;rico</subfield>
  </datafield>
  <datafield tag="942" ind1=" " ind2=" ">
    <subfield code="2">ddc</subfield>
    <subfield code="c">BK</subfield>
  </datafield>
  <datafield tag="999" ind1=" " ind2=" ">
    <subfield code="c">37744</subfield>
    <subfield code="d">37744</subfield>
  </datafield>
  <datafield tag="952" ind1=" " ind2=" ">
    <subfield code="0">0</subfield>
    <subfield code="1">0</subfield>
    <subfield code="2">ddc</subfield>
    <subfield code="4">0</subfield>
    <subfield code="6">P_A8</subfield>
    <subfield code="7">1</subfield>
    <subfield code="a">PAULUS</subfield>
    <subfield code="b">PAULUS</subfield>
    <subfield code="d">2013-01-12</subfield>
    <subfield code="l">0</subfield>
    <subfield code="o">P A8</subfield>
    <subfield code="r">2013-01-12 00:00:00</subfield>
    <subfield code="w">2013-01-12</subfield>
    <subfield code="y">BK</subfield>
  </datafield>
</record>
